Представление документа в формате RUSMARC

ПолеНазваниеЗначение
  Тип записи a
  Библиографический уровень m
001 Контрольный номер RU/IS/BASE/478606032
005 Дата корректировки 20240209174547.7
010 Индекс ISBN __
a ISBN 978-5-905626-22-7
b Уточнения в пер.
d Цена 100 р. 00 к.
9 Тираж 2 000 экз.
100 Данные общей обработки __
a Данные общей обработки 20150302d2015 ||| 0rusy0189 ca
101 Язык документа 0_
a Язык текста rus
102 Страна публикации __
a Страна публикации RU
105 Кодированные данные (монография) __
a Кодированные данные (монография) y###||||000|y
200 Заглавие и сведения об ответственности 1_
a Заглавие Франц Кафка в русской культуре
b Общее обозначение материала Текст
g Последующие сведения об ответственности сост., вступ. ст., коммент. А. О. Филиппова-Чехова
210 Выходные данные 1_
a Место издания Москва
c Издательство Центр книги Рудомино
d Дата издания 2012
215 Физическое описание __
a Объем 542, [1] с.
c Иллюстрации/тип воспроизводства ил.
d Формат 24,5 см.
300 Общие примечания __
a Общие примечания Ограничения по возрасту - 18+
600 Персоналии _0
a Персоналии (Фамилия) Кафка
b Персоналии (Имя, инициалы) Ф.
606 Тематические рубрики 0_
a Основная рубрика Кафка, Франц (1883-1924)
610 Ключевые слова 0_
a Ключевые слова сборники
a Ключевые слова творчество
a Ключевые слова писатели
a Ключевые слова писатели австрийские
a Ключевые слова библиография
a Ключевые слова списки библиографические
a Ключевые слова переводы
a Ключевые слова критика
a Ключевые слова связь с зарубежными литературами
a Ключевые слова связь с русской культурой
a Ключевые слова стихи
a Ключевые слова указатели
a Ключевые слова дневники
686 Индексы других классификаций __
a Классификационный индекс 83.3(4Авс)
2 Код системы ББК
801 Источник записи _0
a Страна RU
b Организация МБУК ЦБС
c Дата составления 20150302
g Правила каталогизации RCR
801 Источник записи _1
a Страна RU
b Организация МБУК ЦБС г. Ульяновска
c Дата составления 20150302
g Правила каталогизации RCR
899 Данные о местонахождении __
i Авторский знак К 30
j Расстановочный фильтр 83.3(4)
901 Тип документа __
t Тип документа m
910 Корректоры записи __
a Корректор записи Скрипина